000 00526nam a22002051 4500
001 54938
003 ES-MaACL
005 20230906163042.0
007 t|
008 900725s1972 sp ||||0| spa d
016 7 _zIND9200344524
017 _aB 19757-1972
040 _aM-BN
_bspa
_cA2
080 _a860-7"19"
100 1 _aPgarcía.
_991645
245 1 3 _aEl politicón /
_cPgarcía [seud.].
260 _aBarcelona :
_bPlaneta,
_c[1972]
300 _a206 p :
_bil. ;
_c21 cm.
852 _aES-MaACL
_jC-43522
_bR.82671
999 _c54938
_d54938